Propaganda and the American revolution, 1763-1783 /

Bibliographic Details
Main Author: Davidson, Philip, 1902-2000
Format: Book
Language:English
Published: Chapel Hill : The University of North Carolina press, 1941.
Subjects:

MARC

Tag First Indicator Second Indicator Subfields
LEADER 00000cam a22000001 4500
001 in00000691421
005 20151015165914.0
008 730529s1941 ncufh b 00010 eng
010 |a  41003098  
035 |a (OCoLC)00427199 
035 |9 ACZ8986AM 
040 |a DLC  |c DLC  |d TXA  |d UtOrBLW 
043 |a n-us--- 
049 |a TXAM  |c [187116] 
050 0 0 |a E210  |b .D3 
082 0 |a 973.31 
092 |a 973.31  |b D253p 
100 1 |a Davidson, Philip,  |d 1902-2000. 
245 1 0 |a Propaganda and the American revolution, 1763-1783 /  |c [by] Philip Davidson. 
264 1 |a Chapel Hill :  |b The University of North Carolina press,  |c 1941. 
300 |a xvi, 460 pages :  |b frontispiece, plate, facsimiles ;  |c 24 cm. 
336 |a text  |b txt  |2 rdacontent 
337 |a unmediated  |b n  |2 rdamedia 
338 |a volume  |b nc  |2 rdacarrier 
504 |a Bibliography: pages [411]-442. 
650 0 |a Propaganda, American. 
651 0 |a United States  |x History  |y Revolution, 1775-1783  |x Causes. 
999 |a MARS 
999 f f |s 13f9b77f-fb0a-38f4-950f-8a5cd3d715e5  |i 13eb3912-c037-3595-9b40-f2992cf3435e  |t 0 
952 f f |p normal  |a Texas A&M University  |b College Station  |c Sterling C. Evans Library  |d Evans: Library Stacks  |t 0  |e E210 D3  |h Library of Congress classification  |i unmediated -- volume  |m A14801520539 
998 f f |a E210 D3  |t 0  |l Evans: Library Stacks